Learning Resource and Development

A tale of interiors / (Record no. 29882)

MARC details
000 -LEADER
fixed length control field 02913cam a22004215i 4500
001 - CONTROL NUMBER
control field 21484062
003 - CONTROL NUMBER IDENTIFIER
control field CSPC
005 - DATE AND TIME OF LATEST TRANSACTION
control field 20250813100008.0
008 - FIXED-LENGTH DATA ELEMENTS--GENERAL INFORMATION
fixed length control field 200330s2020 nyu 000 0 eng
010 ## - LIBRARY OF CONGRESS CONTROL NUMBER
LC control number 2020935913
020 ## - INTERNATIONAL STANDARD BOOK NUMBER
International Standard Book Number 9780847863839
Qualifying information (hardcover)
035 ## - SYSTEM CONTROL NUMBER
System control number 21484062
040 ## - CATALOGING SOURCE
Original cataloging agency DLC
Language of cataloging eng
Description conventions rda
Transcribing agency DLC
Modifying agency CSPC
042 ## - AUTHENTICATION CODE
Authentication code pcc
082 04 - DEWEY DECIMAL CLASSIFICATION NUMBER
Classification number 747
Item number P611t
100 1# - MAIN ENTRY--PERSONAL NAME
Personal name Pierce, Louisa,
Relator term author.
245 12 - TITLE STATEMENT
Title A tale of interiors /
Statement of responsibility, etc. Louisa Pierce and Emily Ward.
246 03 - VARYING FORM OF TITLE
Title proper/short title A tale of interiors :
Remainder of title the art of more.
250 ## - EDITION STATEMENT
Edition statement 1st edition.
263 ## - PROJECTED PUBLICATION DATE
Projected publication date 1111
264 #1 - PRODUCTION, PUBLICATION, DISTRIBUTION, MANUFACTURE, AND COPYRIGHT NOTICE
Place of production, publication, distribution, manufacture New York :
Name of producer, publisher, distributor, manufacturer Rizzoli,
Date of production, publication, distribution, manufacture, or copyright notice 2020.
300 ## - PHYSICAL DESCRIPTION
Extent 234 pages :
Other physical details color illustrations ;
Dimensions 31 cm.
336 ## - CONTENT TYPE
Content type term text
Content type code txt
Source rdacontent
337 ## - MEDIA TYPE
Media type term unmediated
Media type code n
Source rdamedia
338 ## - CARRIER TYPE
Carrier type term volume
Carrier type code nc
Source rdacarrier
505 0# - FORMATTED CONTENTS NOTE
Formatted contents note A tale of interiors -- In the beginning -- Twin flames -- Keep it classy -- Eclectic avenue -- Organized abundance -- God is in the details -- Chic with a dash of shabby -- Magic hour -- There will be blood -- Acknowledgements -- Credits.
520 ## - SUMMARY, ETC.
Summary, etc. "The whimsical, layered, incredibly chic, and livable interiors and the fresh and original insights of the coolest design duo fill every page of this treasure chest of a debut interiors book. Every Pierce & Ward home tells a story. Emily and Louisa believe that there is a beauty in the unfolding of a room that takes the eye dancing from one piece to the next, swirling over velvets of peach and gold, gliding over glass and marble, and stopping to take in the homeowner's precious sentimental favorites. As the designers for such Hollywood powerhouses, supermodels, and rock stars as Brie Larson, Leonardo DiCaprio, Dakota Johnson, Kate Hudson, and Karen Elson, Pierce & Ward artfully blend classic elements and fanciful touches, creating an irresistible kaleidoscope of patterns, textures, art, and objects. Stately striped wallpaper mixes with French florals. Brass-lion bookends sit beside trays inlaid with glinting mother-of-pearl. Milk-glass globes hang down hallways like glowing moons to guide one's path. Humble finds from eBay and lovingly worn textiles mix with museum-quality art and family photos. This book will teach readers about organized abundance and un-gaudy decadence, with a dash of restraint for good measure: it's an evocative and inspiring ode to the art of more"--
Assigning source Provided by publisher.
600 1# - SUBJECT ADDED ENTRY--PERSONAL NAME
Personal name Pierce & Ward (Firm).
650 #4 - SUBJECT ADDED ENTRY--TOPICAL TERM
Topical term or geographic name entry element Interior decorators.
650 #4 - SUBJECT ADDED ENTRY--TOPICAL TERM
Topical term or geographic name entry element Interior decoration.
650 #4 - SUBJECT ADDED ENTRY--TOPICAL TERM
Topical term or geographic name entry element Interior decoration
General subdivision Pictorial works.
700 1# - ADDED ENTRY--PERSONAL NAME
Personal name Ward, Emily,
Relator term author.
700 1# - ADDED ENTRY--PERSONAL NAME
Personal name Pierce, Catherine,
Relator term other.
906 ## - LOCAL DATA ELEMENT F, LDF (RLIN)
a 0
b ibc
c orignew
d 2
e epcn
f 20
g y-gencatlg
942 ## - ADDED ENTRY ELEMENTS (KOHA)
Source of classification or shelving scheme Dewey Decimal Classification
Koha item type Books
Classification part 747
Item part P611t
Call number prefix ENG
Call number suffix 2020
Suppress in OPAC No
Holdings
Withdrawn status Lost status Source of classification or shelving scheme Damaged status Not for loan Home library Current library Shelving location Date acquired Total Checkouts Full call number Barcode Date last seen Copy number Price effective from Koha item type
    Dewey Decimal Classification     Main Library Main Library Engineering Section 08/06/2025   ENG 747 P611t 2020 030060 08/06/2025 1-1 08/06/2025 Books